000 00383nam a22001337a 4500
020 _qPB.
040 _cFIZZA ISHAQ
082 _a378.198
_bHUD
100 _a Hudson , Christopher D.
_9133986
245 _aBasics College: Get on the Fast Track to Success /
_cChristopher D. Hudson.
260 _aNew York:
_bBarbour ,
_c2003.
300 _a184 p. ;
_c8 x 5.2 inches
942 _2ddc
_cBK
999 _c616902
_d616902